Southville International School and Colleges
Your cart is empty.
  • Cart
  • Lists
    Public lists Eva Luna New books Lux_list list_1
    Your lists Log in to create your own lists
  • Log in to your account
  • Your cookies
  • Search history
Southville International School and Colleges
  • Advanced search
  • Recent comments
  • Most popular
  • Libraries

Log in to your account

Log in with GOOGLE


If you do not have an external account, but do have a local account, you can still log in:

  1. Home
  2. MARC view: The Life and Adventures of Baron Trenck, Volume 2
Normal view MARC view ISBD view

The Life and Adventures of Baron Trenck, Volume 2 (Record no. 232002)

[ view plain ]
MARC details
000 -LEADER
fixed length control field 00958cam a22003013a 4500
001 - CONTROL NUMBER
control field 2669
003 - CONTROL NUMBER IDENTIFIER
control field PGUSA
005 - DATE AND TIME OF LATEST TRANSACTION
control field 20140828083020.0
008 - FIXED-LENGTH DATA ELEMENTS--GENERAL INFORMATION
fixed length control field 010601s2001||||xxu|||||s|||||000 | eng d
040 ## - CATALOGING SOURCE
Original cataloging agency PGUSA
Language of cataloging eng
042 ## - AUTHENTICATION CODE
Authentication code dc
050 #4 - LIBRARY OF CONGRESS CALL NUMBER
Classification number D
050 #4 - LIBRARY OF CONGRESS CALL NUMBER
Classification number DD
100 1# - MAIN ENTRY--PERSONAL NAME
Personal name Trenck, Friedrich, Freiherr von der,
Dates associated with a name 1726-1794
245 14 - TITLE STATEMENT
Title The Life and Adventures of Baron Trenck, Volume 2
Medium [electronic resource] /
Statement of responsibility, etc Friedrich, Freiherr von der Trenck
260 ## - PUBLICATION, DISTRIBUTION, ETC. (IMPRINT)
Name of publisher, distributor, etc Project Gutenberg,
Date of publication, distribution, etc 2001
506 ## - RESTRICTIONS ON ACCESS NOTE
Terms governing access Public domain in the USA.
516 ## - TYPE OF COMPUTER FILE OR DATA NOTE
Type of computer file or data note Electronic text
653 ## - INDEX TERM--UNCONTROLLED
Uncontrolled term Adventure and adventurers
653 ## - INDEX TERM--UNCONTROLLED
Uncontrolled term Europe -- Biography -- Early works to 1800
653 ## - INDEX TERM--UNCONTROLLED
Uncontrolled term Trenck, Friedrich, Freiherr von der, 1726-1794
653 ## - INDEX TERM--UNCONTROLLED
Uncontrolled term Autobiographies
700 1# - ADDED ENTRY--PERSONAL NAME
Personal name Morley, Henry,
Dates associated with a name 1822-1894
700 1# - ADDED ENTRY--PERSONAL NAME
Personal name Holcroft, Thomas,
Dates associated with a name 1745-1809
830 #0 - SERIES ADDED ENTRY--UNIFORM TITLE
Uniform title Project Gutenberg
Volume number/sequential designation 2669
856 40 - ELECTRONIC LOCATION AND ACCESS
Uniform Resource Identifier <a href="http://www.gutenberg.org/ebooks/2669">http://www.gutenberg.org/ebooks/2669</a>
942 ## - ADDED ENTRY ELEMENTS (KOHA)
Koha item type eBooks
Holdings
Withdrawn status Lost status Damaged status Home library Current library Date acquired Total Checkouts Date last seen Price effective from Koha item type
      Project Gutenberg Project Gutenberg 08/28/2014   08/28/2014 08/28/2014 eBooks

The Life and Adventures of Baron Trenck, Volume 2

APA

Trenck F. F. v. d., Morley H. & Holcroft T. (2001). The Life and Adventures of Baron Trenck, Volume 2. : Project Gutenberg.

Chicago

Trenck Friedrich Freiherr von der, Morley Henry and Holcroft Thomas. 2001. The Life and Adventures of Baron Trenck, Volume 2. : Project Gutenberg.

Harvard

Trenck F. F. v. d., Morley H. and Holcroft T. (2001). The Life and Adventures of Baron Trenck, Volume 2. : Project Gutenberg.

MLA

Trenck Friedrich Freiherr von der, Morley Henry and Holcroft Thomas. The Life and Adventures of Baron Trenck, Volume 2. : Project Gutenberg. 2001.

  • Place hold
  • Print
  • Cite
  • Add to your cart (remove)
  • Save record
    BIBTEX Dublin Core MARCXML MARC (non-Unicode/MARC-8) MARC (Unicode/UTF-8) MARC (Unicode/UTF-8, Standard) MODS (XML) RIS
  • More searches
    Search for this title in:
    Other Libraries (WorldCat) Other Databases (Google Scholar) Online Stores (Bookfinder.com) Open Library (openlibrary.org)

Exporting to Dublin Core...

SOUTHVILLE LIBRARY

Southville International School and Colleges Library

1281 Tropical Ave. Cor. Luxembourg St., BF Homes International, Las Pinas City

Tel. No. 8256374 / 252358 Loc. 117/146

Powered by Koha